Climate change: (Record no. 601)
[ view plain ]
| 000 -LEADER | |
|---|---|
| fixed length control field | 01347cam a22003615i 4500 |
| 001 - CONTROL NUMBER | |
| control field | 000601 |
| 003 - CONTROL NUMBER IDENTIFIER | |
| control field | BD-ChCU |
| 005 - DATE AND TIME OF LATEST TRANSACTION | |
| control field | 20230204155846.0 |
| 008 - FIXED-LENGTH DATA ELEMENTS--GENERAL INFORMATION | |
| fixed length control field | 141204s2012 ii a b 000 0 eng |
| 010 ## - LIBRARY OF CONGRESS CONTROL NUMBER | |
| LC control number | 2013413668 |
| 020 ## - INTERNATIONAL STANDARD BOOK NUMBER | |
| International Standard Book Number | 9789843358011 |
| 025 ## - OVERSEAS ACQUISITION NUMBER | |
| Overseas acquisition number | I-E-2013-413668; 22-90 |
| 037 ## - SOURCE OF ACQUISITION | |
| Source of stock number/acquisition | Library of Congress -- New Delhi Overseas Office |
| 040 ## - CATALOGING SOURCE | |
| Original cataloging agency | DLC |
| Language of cataloging | eng |
| Transcribing agency | DLC |
| Modifying agency | BD-ChCU |
| 041 0# - LANGUAGE CODE | |
| Language code of text/sound track or separate title | eng |
| -- | ben |
| 042 ## - AUTHENTICATION CODE | |
| Authentication code | lcode |
| 082 ## - DEWEY DECIMAL CLASSIFICATION NUMBER | |
| Classification number | 551.6/C545c |
| 100 1# - MAIN ENTRY--PERSONAL NAME | |
| Personal name | Paul Chowdhury, Susanta Kumar, |
| Relator term | author. |
| 245 10 - TITLE STATEMENT | |
| Title | Climate change: |
| Statement of responsibility, etc. | compiled and written by Susanta Kumar Paul Chowdhury & Gulshan Ara Latifa = Jalabāyu paribartana : mat̲sya sampada o cāshe prabhāta. |
| -- | implication for fisheries and aquaculture |
| 246 31 - VARYING FORM OF TITLE | |
| Title proper/short title | Jalabāyu paribartana : mat̲sya sampada o cāshe prabhāta |
| 264 #1 - PRODUCTION, PUBLICATION, DISTRIBUTION, MANUFACTURE, AND COPYRIGHT NOTICE | |
| Place of production, publication, distribution, manufacture | Sylhet : |
| Name of producer, publisher, distributor, manufacturer | Monika Publication, |
| Date of production, publication, distribution, manufacture, or copyright notice | 2012. |
| 300 ## - PHYSICAL DESCRIPTION | |
| Extent | 167 pages : |
| Other physical details | illustrations ; |
| Dimensions | 22 cm |
| 336 ## - CONTENT TYPE | |
| Content type term | text |
| Content type code | txt |
| Source | rdacontent |
| 337 ## - MEDIA TYPE | |
| Media type term | unmediated |
| Media type code | n |
| Source | rdamedia |
| 338 ## - CARRIER TYPE | |
| Carrier type term | volume |
| Carrier type code | nc |
| Source | rdacarrier |
| 504 ## - BIBLIOGRAPHY, ETC. NOTE | |
| Bibliography, etc. note | Includes bibliographical references. |
| 546 ## - LANGUAGE NOTE | |
| Language note | In English and Bengali. |
| 650 ## - SUBJECT ADDED ENTRY--TOPICAL TERM | |
| Topical term or geographic name entry element | Climate change,Climate |
| 700 1# - ADDED ENTRY--PERSONAL NAME | |
| Personal name | Latifa, Gulshan Ara, |
| Relator term | author. |
| 906 ## - LOCAL DATA ELEMENT F, LDF (RLIN) | |
| a | 7 |
| b | par |
| c | orignode |
| d | 3 |
| e | ncip |
| f | 20 |
| g | y-gencatlg |
| 942 ## - ADDED ENTRY ELEMENTS (KOHA) | |
| Source of classification or shelving scheme | Dewey Decimal Classification |
| Koha item type | Books |
| Withdrawn status | Lost status | Source of classification or shelving scheme | Damaged status | Not for loan | Home library | Current library | Shelving location | Date acquired | Total Checkouts | Full call number | Barcode | Date last seen | Copy number | Price effective from | Koha item type |
|---|---|---|---|---|---|---|---|---|---|---|---|---|---|---|---|
| Dewey Decimal Classification | Chittagong University Library | Chittagong University Library | Staff Office | 12/04/2014 | 551.6/C545c | 294081 | 12/04/2014 | 1 | 12/04/2014 | Books | |||||
| Dewey Decimal Classification | Chittagong University Library | Chittagong University Library | Staff Office | 12/04/2014 | 551.6/C545c | 300086 | 12/27/2014 | 2 | 12/04/2014 | Books |